000 00564nam a2200169Ia 4500
008 180921t2017 xxu||||| |||| 00| 0 sin d
041 _asin
080 _a294.3
_bGNA
100 _aGnanananda Himi, Kiribathgoda
245 _aදුක්බිය නැති ජීවිතයක් : අලුත් දහම් වැඩසටහන - 01
246 _aDukbiya Nethi Jeewithayak : Aluth Daham Wedasatahana - 01
260 _bMahamegha
_aPolgahawela
_c2017
300 _b124p, 21cm
942 _cBK
999 _c1917
_d1917
003 LK-CoDNM
040 _aLK-CoDNM
_dLK-CoDNM
_eLK-CoDNM